000 00545nam a22002057a 4500
003 OSt
005 20170324171616.0
008 140730b xxu||||| |||| 00| 0 eng d
020 _a8122413846
040 _cDDC
082 _a546 KUM 2003
100 _aDe A.k
_9798
245 _a A textbook of Inorganic Chemistry
250 _a9th ed.
260 _aNew Dheli :
_bNew age International Publishers;
_c2003 .
300 _axii, 899 p. :
_bill. ;
_c24 cm.
504 _aIncludes index
650 _aInorganic chemistry
_9799
942 _2z
_cB_BANK
999 _c301
_d301